000 00787nam a2200229Ii 4500
003 JO-AjNU
008 230605s9999||||xx |||||||||||||| ||und||
017 _a2000/2980
020 _a977-5411-17-3
040 _aJO-AjNU
_bara
_erda
_cJO-AjNU
041 _aara
050 1 4 _aDT70.B2712 2000
100 3 _aحسنين، عادل,
_eauthor
_910522
245 0 0 _aمصر والمصريون من عودة الأحزاب إلى مواجهة الإرهاب
250 _aط1
264 3 1 _aالقاهرة: دار اماندو للنشر، 2000
300 _a846ص
_bصور فوتوغرافية
336 _atext
_btxt
_2rdacontent
337 _aunmediated
_bn
_2rdamedia
338 _avolume
_bnc
_2rdacarrier
650 4 _aمصر -الاحزاب -القرن العشرين-تاريخ
_910523
999 _aA1848
_c5416
_d5416